000 00475nam a22001697a 4500
005 20251108164719.0
008 250721s1991 xx 000 0 ara d
082 1 4 _a812.9565/غنا
100 1 _aغنام، غنام
245 1 0 _aحكايات القاضي ريحان /
264 1 _aعمان :
_bدار اللوتس للنشر،
_c1991.
300 _a95ص
650 1 7 _aالمسرحيات العربية
650 1 7 _aالأردن
942 _2ddc
_cBK
999 _c12520
_d12520